Top 25 des pays ayant la plus grande flotte - Statistiques

Statistiques générales
  • Ce quiz a été pris 50 fois
  • Le résultat moyen est 17 sur 25
Statistiques - réponses
Nombre de navires Pays % Correct
1# 841 Chine
100%
3# 465 Etats-Unis
100%
18# 166 France
100%
21# 158 Japon
96%
2# 747 Russie
96%
4# 343 Inde
93%
16# 175 Espagne
87%
14# 192 Turquie
85%
5# 338 Indonesie
83%
8# 285 Italie
83%
20# 164 Mexique
83%
9# 279 Suède
80%
12# 215 Corée du Sud
78%
19# 165 Finlande
76%
23# 149 Égypte
72%
15# 186 Grèce
67%
6# 332 Corée du Nord
65%
7# 304 Thailande
57%
24# 140 Pays-Bas
52%
25# 130 Chili
46%
17# 169 Ukraine
43%
13# 213 Colombie
41%
11# 239 Birmanie
24%
22# 152 Nigeria
24%
10# 275 Sri Lanka
15%
Aucun quiz correspondant
Distribution des résultats
% des personnes avec chaque résultat
Percentile par nombre de réponses
Votre historique - résultats
Vous n’avez pas pris ce quiz